000 00571nam a2200217Ia 4500
003 OSt
005 20220924133213.0
006 a|||||r|||| 00| 0
007 ta
008 220923b |||||||| |||| 00| 0 ben d
024 _a259859
037 _cTextual
040 _aARTS
_cARTS
_bben
041 _2ben
_aben
082 _aO157:3M38x, K2.2
100 _aChattopadhyay Bankim Chandra
_9205861
245 0 _aBankim rachnawali
260 _c1962
942 _hO157:3M38x, K2.2
_cTEXL
_2CC
999 _c432961
_d432961